| 000 | 00870nam a2200217 a 4500 | ||
|---|---|---|---|
| 001 | 000036565 | ||
| 005 | 20200930075812.0 | ||
| 008 | 120120s1999 sp 000 j spa d | ||
| 020 | _a8484034279 | ||
| 040 |
_aDO-SdBNP _bspa _cBNPHU |
||
| 082 |
_a823.8 _bW671f, 1999 |
||
| 100 | 1 |
_aWilde, Oscar, _d1854-1900 _913294 |
|
| 245 | 1 | 3 |
_aEl fantasma de Canterville y otros cuentos / _cOscar Wilde ; prólogo Carmelo Sánchez Castro. |
| 260 |
_aMadrid, España : _bEdimat Libros, _c1999. |
||
| 300 |
_a160 p. ; _c20 cm. |
||
| 505 | 0 |
_aEl fantasma de Canterville -- _tEl cumpleaños de una infanta -- _tEl pescador y su alma -- _tEl príncipe feliz -- _tEl ruiseñor de la rosa -- _tEl amigo leal. |
|
| 650 | 4 |
_aCuentos irlandeses _962832 |
|
| 650 | 4 |
_aLiteratura irlandesa _911512 |
|
| 700 | 1 | 2 |
_aSánchez Castro, Camelo, _epról. _962833 |
| 910 | _aValidado. Control de calidad MFF | ||
| 999 |
_c36056 _d36056 |
||